Statistics for Random Name a Bordering Country

Click here to take the quiz!

General Stats

  • This quiz has been taken 2,405 times
  • The average score is 23 of 25

Answer Stats

CountryBordering Countries% Correct
MontenegroAlbania | Bosnia and Herzegovina | Croatia | Kosovo | Serbia
100%
ItalyAustria | France | San Marino | Slovenia | Switzerland | Vatican City
100%
MexicoBelize | Gautemala | United States
100%
United StatesCanada | Mexico
100%
South KoreaNorth Korea
100%
IranAfghanistan | Armenia | Azerbaijan | Iraq | Pakistan | Turkey | Turkmenistan
98%
ChinaAfghanistan | Bhutan | India | Kazakhstan | North Korea | Kyrgyzstan | Laos | Mongolia | Myanmar | Nepal | Pakistan | Russia | Tajikistan | Vietnam
98%
NigerAlgeria | Benin | Burkina Faso | Chad | Libya | Mali | Nigeria
98%
RussiaAzerbaijan | Belarus | China | Estonia | Finland | Georgia | Kazakhstan | North Korea | Latvia | Lithuania | Mongolia | Norway | Poland | Ukraine
98%
MyanmarBangladesh | China | India | Laos | Thailand
98%
UkraineBelarus | Hungary | Moldova | Poland | Romania | Russia | Slovakia
98%
SerbiaBosnia and Herzegovina | Bulgaria | Croatia | Hungary | Kosovo | Montenegro | North Macedonia | Romania
98%
IndonesiaEast Timor | Malaysia | Papua New Guinea
98%
MonacoFrance
98%
BangladeshIndia | Myanmar
98%
BelarusLatvia | Lithuania | Poland | Russia | Ukraine
98%
United Arab EmiratesOman | Saudi Arabia
98%
YemenOman | Saudi Arabia
98%
PortugalSpain
98%
IrelandUnited Kingdom
98%
Czech RepublicAustria | Germany | Poland | Slovakia
97%
ColombiaBrazil | Ecuador | Panama | Peru | Venezuela
97%
FranceAndorra | Brazil | Belgium | Germany | Italy | Luxembourg | Monaco | Spain | Switzerland | Suriname
96%
SwitzerlandAustria | France | Italy | Liechtenstein | Germany
96%
ZimbabweBotswana | Mozambique | South Africa | Zambia
96%
GuyanaBrazil | Suriname | Venezuela
96%
RwandaBurundi | D.R. Congo | Tanzania | Uganda
96%
Central African RepublicCameroon | Chad | D.R. Congo | Republic of the Congo | South Sudan | Sudan
96%
AustriaCzech Republic | Germany | Hungary | Italy | Liechtenstein | Slovakia | Slovenia | Switzerland
96%
UgandaD.R. Congo | Kenya | Rwanda | South Sudan | Tanzania
96%
LebanonIsrael | Syria
96%
San MarinoItaly
96%
Vatican CityItaly
96%
QatarSaudi Arabia
96%
IndiaAfghanistan | Bangladesh | Bhutan | China | Myanmar | Nepal | Pakistan | Sri Lanka
95%
TurkeyArmenia | Azerbaijan | Bulgaria | Georgia | Greece | Iran | Iraq | Syria
95%
GermanyAustria | Belgium | Czech Republic | Denmark | France | Luxembourg | Netherlands | Poland | Switzerland
95%
SloveniaAustria | Croatia | Italy | Hungary
95%
LithuaniaBelarus | Latvia | Poland | Russia
95%
South AfricaBotswana | Eswatini | Lesotho | Mozambique | Namibia | Zimbabwe
95%
SurinameBrazil | France | Guyana
95%
VietnamCambodia | China | Laos
95%
BhutanChina | India
95%
KyrgyzstanChina | Kazakhstan | Tajikistan | Uzbekistan
95%
MongoliaChina | Russia
95%
CanadaUnited States
95%
TajikistanAfghanistan | China | Kyrgyzstan | Uzbekistan
94%
LibyaAlgeria | Chad | Egypt | Niger | Sudan | Tunisia
94%
ParaguayArgentina | Bolivia | Brazil
94%
ChileArgentina | Bolivia | Peru
94%
PolandBelarus | Czech Republic | Germany | Lithuania | Russia | Slovakia | Ukraine
94%
NetherlandsBelgium | Germany
94%
PeruBolivia | Brazil | Chile | Colombia | Ecuador
94%
VenezuelaBrazil | Colombia | Guyana
94%
RomaniaBulgaria | Hungary | Moldova | Serbia | Ukraine
94%
SudanCentral African Republic | Chad | Egypt | Eritrea | Ethiopia | Libya | South Sudan
94%
South SudanCentral African Republic | D.R. Congo | Ethiopia | Kenya | Sudan | Uganda
94%
North KoreaChina | Russia | South Korea
94%
NicaraguaCosta Rica | Honduras
94%
MozambiqueEswatini | Malawi | South Africa | Tanzania | Zambia | Zimbabwe
94%
KenyaEthiopia | Somalia | South Sudan | Tanzania | Uganda
94%
IraqIran | Jordan | Kuwait | Saudi Arabia | Syria | Turkey
94%
Saudi ArabiaIraq | Jordan | Kuwait | Oman | Qatar | United Arab Emirates | Yemen
94%
FinlandNorway | Sweden | Russia
94%
OmanSaudi Arabia | United Arab Emirates | Yemen
94%
North MacedoniaAlbania | Bulgaria | Greece | Kosovo | Serbia
93%
TunisiaAlgeria | Libya
93%
SpainAndorra | France | Portugal | Morocco
93%
D.R. CongoAngola | Burundi | Central African Republic | Republic of the Congo | Rwanda | South Sudan | Tanzania | Uganda | Zambia
93%
BrazilArgentina | Bolivia | Colombia | France | Guyana | Paraguay | Peru | Suriname | Uruguay | Venezuela
93%
UruguayArgentina | Brazil
93%
AzerbaijanArmenia | Georgia | Iran | Russia | Turkey
93%
NigeriaBenin | Cameroon | Chad | Niger
93%
ArgentinaBolivia | Brazil | Chile | Paraguay | Uruguay
93%
LaosCambodia | China | Myanmar | Thailand | Vietnam
93%
ThailandCambodia | Laos | Malaysia | Myanmar
93%
AfghanistanChina | Iran | Pakistan | Tajikistan | Turkmenistan | Uzbekistan
93%
KazakhstanChina | Kyrgyzstan | Russia | Turkmenistan | Uzbekistan
93%
DenmarkGermany
93%
BulgariaGreece | North Macedonia | Romania | Serbia | Turkey
93%
Papua New GuineaIndonesia
93%
TurkmenistanAfghanistan | Iran | Kazakhstan | Uzbekistan
92%
UzbekistanAfghanistan | Kazakhstan | Kyrgyzstan | Tajikistan | Turkmenistan
92%
HungaryAustria | Croatia | Romania | Serbia | Slovakia | Slovenia | Ukraine
92%
MalaysiaBrunei | Indonesia | Thailand
92%
NepalChina | India
92%
EthiopiaDjibouti | Eritrea | Kenya | Somalia | South Sudan | Sudan
92%
NorwayFinland | Sweden | Russia
92%
JordanIraq | Israel | Saudi Arabia | Syria
92%
CambodiaLaos | Thailand | Vietnam
92%
MaliAlgeria | Burkina Faso | Ivory Coast | Guinea | Mauritania | Niger | Senegal
91%
ArmeniaAzerbaijan | Georgia | Iran | Turkey
91%
SomaliaDjibouti | Ethiopia | Kenya
91%
IsraelEgypt | Jordan | Lebanon | Syria
91%
AndorraFrance | Spain
91%
EstoniaLatvia | Russia
91%
GeorgiaArmenia | Azerbaijan | Russia | Turkey
90%
LuxembourgBelgium | France | Germany
90%
GuatemalaBelize | El Salvador | Honduras | Mexico
90%
CroatiaBosnia and Herzegovina | Hungary | Montenegro | Serbia | Slovenia
90%
BeninBurkina Faso | Niger | Nigeria | Togo
90%
ChadCameroon | Central African Republic | Libya | Niger | Nigeria | Sudan
90%
EritreaDjibouti | Ethiopia | Sudan
90%
HondurasGuatemala | El Salvador | Nicaragua
90%
LiberiaGuinea | Ivory Coast | Sierra Leone
90%
United KingdomIreland
90%
LesothoSouth Africa
90%
MoroccoAlgeria | Mauritania | Spain
89%
LiechtensteinAustria | Switzerland
89%
AngolaD.R. Congo | Republic of the Congo | Namibia | Zambia
89%
Guinea-BissauGuinea | Senegal
89%
SyriaIraq | Israel | Jordan | Lebanon | Turkey
89%
EgyptIsrael | Libya | Sudan
89%
ZambiaAngola | Botswana | D.R. Congo | Malawi | Mozambique | Namibia | Tanzania | Zimbabwe
88%
NamibiaAngola | Botswana | South Africa | Zambia
88%
BoliviaArgentina | Brazil | Chile | Paraguay | Peru
88%
EcuadorColombia | Peru
88%
Bosnia and HerzegovinaCroatia | Montenegro | Serbia
88%
SwedenFinland | Norway
88%
BelgiumFrance | Germany | Luxembourg | Netherlands
88%
AlbaniaGreece | Kosovo | North Macedonia | Montenegro
88%
El SalvadorGuatemala | Honduras
88%
KosovoAlbania | Montenegro | North Macedonia | Serbia
87%
SlovakiaAustria | Czech Republic | Hungary | Poland | Ukraine
87%
LatviaBelarus | Estonia | Lithuania | Russia
87%
GabonCameroon | Republic of the Congo | Equatorial Guinea
87%
BelizeGuatemala | Mexico
87%
East TimorIndonesia
87%
AlgeriaLibya | Mali | Mauritania | Morocco | Niger | Tunisia
87%
GambiaSenegal
87%
PakistanAfghanistan | China | India | Iran
86%
GreeceAlbania | Bulgaria | North Macedonia | Turkey
86%
CameroonCentral African Republic | Chad | Republic of the Congo | Equatorial Guinea | Gabon | Nigeria
86%
HaitiDominican Republic
86%
SenegalGambia | Guinea | Guinea-Bissau | Mali | Mauritania
86%
Dominican RepublicHaiti
86%
BotswanaNamibia | South Africa | Zambia | Zimbabawe
86%
Burkina FasoBenin | Ivory Coast | Ghana | Mali | Niger | Togo
85%
GuineaIvory Coast | Guinea-Bissau | Liberia | Mali | Senegal | Sierra Leone
85%
MoldovaRomania | Ukraine
85%
TogoBenin | Burkina Faso | Ghana
84%
Ivory CoastBurkina Faso | Ghana | Guinea | Liberia | Mali
84%
TanzaniaBurundi | D.R. Congo | Kenya | Malawi | Mozambique | Rwanda | Uganda | Zambia
84%
Republic of the CongoAngola | Cameroon | Central African Republic | D.R. Congo | Gabon
83%
BurundiD.R. Congo | Rwanda | Tanzania
83%
DjiboutiEritrea | Ethiopia
83%
Sierra LeoneGuinea | Liberia
83%
EswatiniMozambique | South Africa
82%
MalawiMozambique | Tanzania | Zambia
82%
Costa RicaNicaragua | Panama
82%
KuwaitIraq | Saudi Arabia
80%
BruneiMalaysia
80%
Equatorial GuineaCameroon | Gabon
76%
PanamaColombia | Costa Rica
76%
MauritaniaAlgeria | Mali | Senegal
71%
GhanaBurkina Faso | Ivory Coast | Togo
71%

Score Distribution

Percentile by Number Answered

Percent of People with Each Score

Your Score History

You have not taken this quiz